<?xml version="1.0" encoding="UTF-8"?><?xml-stylesheet type="text/xsl" href="static/style.xsl"?><OAI-PMH xmlns="http://www.openarchives.org/OAI/2.0/" xmlns:xsi="http://www.w3.org/2001/XMLSchema-instance" xsi:schemaLocation="http://www.openarchives.org/OAI/2.0/ http://www.openarchives.org/OAI/2.0/OAI-PMH.xsd"><responseDate>2026-04-29T23:17:47Z</responseDate><request verb="GetRecord" identifier="oai:repisalud.isciii.es:20.500.12105/23635" metadataPrefix="marc">https://repisalud.isciii.es/rest/oai/request</request><GetRecord><record><header><identifier>oai:repisalud.isciii.es:20.500.12105/23635</identifier><datestamp>2024-11-29T02:14:14Z</datestamp><setSpec>com_20.500.12105_15322</setSpec><setSpec>com_20.500.12105_2051</setSpec><setSpec>col_20.500.12105_16967</setSpec></header><metadata><record xmlns="http://www.loc.gov/MARC21/slim" xmlns:dcterms="http://purl.org/dc/terms/" xmlns:doc="http://www.lyncode.com/xoai" xmlns:xsi="http://www.w3.org/2001/XMLSchema-instance" xsi:schemaLocation="http://www.loc.gov/MARC21/slim http://www.loc.gov/standards/marcxml/schema/MARC21slim.xsd">
   <leader>00925njm 22002777a 4500</leader>
   <datafield ind2=" " ind1=" " tag="042">
      <subfield code="a">dc</subfield>
   </datafield>
   <datafield ind2=" " ind1=" " tag="720">
      <subfield code="a">Ramírez-Manent, José Ignacio</subfield>
      <subfield code="e">author</subfield>
   </datafield>
   <datafield ind2=" " ind1=" " tag="720">
      <subfield code="a">Tomás-Gil, Pilar</subfield>
      <subfield code="e">author</subfield>
   </datafield>
   <datafield ind2=" " ind1=" " tag="720">
      <subfield code="a">Martí-Lliteras, Pau</subfield>
      <subfield code="e">author</subfield>
   </datafield>
   <datafield ind2=" " ind1=" " tag="720">
      <subfield code="a">Coll Villalonga, Josep Lluis</subfield>
      <subfield code="e">author</subfield>
   </datafield>
   <datafield ind2=" " ind1=" " tag="720">
      <subfield code="a">Martínez-Almoyna Rifá, Emilio</subfield>
      <subfield code="e">author</subfield>
   </datafield>
   <datafield ind2=" " ind1=" " tag="720">
      <subfield code="a">López-González, Angel Arturo</subfield>
      <subfield code="e">author</subfield>
   </datafield>
   <datafield ind2=" " ind1=" " tag="260">
      <subfield code="c">2023-02-11</subfield>
   </datafield>
   <datafield ind2=" " ind1=" " tag="520">
      <subfield code="a">Background: Obesity has become a public health problem in our society and is associated with many diseases, including type 2 diabetes mellitus, cardiovascular diseases, dyslipidemia, respiratory diseases, and cancer. Several studies relate weight loss in obese patients to improved anthropometric measurements and cardiometabolic risk. The objective of our study was to evaluate anthropometric changes, analytical parameters, insulin resistance, fatty liver, and metabolic scales, after a personalized weight loss program, through dietary advice to increase adherence to the Mediterranean diet and a motivational booster via mobile SMS messaging. Methods: Intervention study on a sample of 1964 workers, in which different anthropometric parameters were evaluated before and after dietary intervention: the metabolic score of insulin resistance; non-alcoholic fatty liver disease using different scales; metabolic syndrome; atherogenic dyslipidemia; and the cardiometabolic index. A descriptive analysis of the categorical variables was performed, by calculating the frequency and distribution of the responses for each one. For quantitative variables, the mean and standard deviation were calculated, since they followed a normal distribution. Bivariate association analysis was performed by applying the chi-squared test (corrected by Fisher's exact statistic when conditions required it) and Student's t-test for independent samples (for comparison of means). Results: The population subjected to the Mediterranean diet improved in all the variables evaluated at 12 months of follow-up and compliance with the diet. Conclusions: Dietary advice on a Mediterranean diet and its reinforcement with reminder messages through the use of mobile phones may be useful to improve the parameters evaluated in this study and reduce the cardiometabolic risk of patients.</subfield>
   </datafield>
   <datafield ind1="8" ind2=" " tag="024">
      <subfield code="a">Ramírez-Manent JI, Tomás-Gil P, Martí-Lliteras P, Coll Villalonga JL, Martínez-Almoyna Rifá E, López-González ÁA. Dietary Intervention on Overweight and Obesity after Confinement by COVID-19. Nutrients. 2023 Feb 11;15(4).</subfield>
   </datafield>
   <datafield ind1="8" ind2=" " tag="024">
      <subfield code="a">10.3390/nu15040912</subfield>
   </datafield>
   <datafield ind1="8" ind2=" " tag="024">
      <subfield code="a">2072-6643</subfield>
   </datafield>
   <datafield ind1="8" ind2=" " tag="024">
      <subfield code="a">Nutrients</subfield>
   </datafield>
   <datafield ind1="8" ind2=" " tag="024">
      <subfield code="a">https://hdl.handle.net/20.500.13003/18776</subfield>
   </datafield>
   <datafield ind1="8" ind2=" " tag="024">
      <subfield code="a">36839270</subfield>
   </datafield>
   <datafield ind1="8" ind2=" " tag="024">
      <subfield code="a">L2021764743</subfield>
   </datafield>
   <datafield ind1="8" ind2=" " tag="024">
      <subfield code="a">2-s2.0-85148872679</subfield>
   </datafield>
   <datafield ind1="8" ind2=" " tag="024">
      <subfield code="a">https://hdl.handle.net/20.500.12105/23635</subfield>
   </datafield>
   <datafield ind1="8" ind2=" " tag="024">
      <subfield code="a">940011600001</subfield>
   </datafield>
   <datafield ind2="0" ind1="0" tag="245">
      <subfield code="a">Dietary Intervention on Overweight and Obesity after Confinement by COVID-19</subfield>
   </datafield>
</record></metadata></record></GetRecord></OAI-PMH>